Szczegóły MARC21

Stopień zero pisania ; oraz Nowe eseje krytyczne /

003 -Nazwa inst., której nr kontr. jest w polu 001 [,]
    • @
    • Nazwa instytucji, której n kontrolny jest w polu 001
    • NUKAT
005 -DATA I CZAS OSTATNIEJ MODYFIKACJI [,]
    • @
    • pole kontrolne
    • 20241231093922.0
020 -Międzynarod. znormalizowany nr książki - ISBN [ , ]
    • a
    • Numer ISBN
    • 9788361182412 Find
040 -Instytucja sporządzająca opis [ , ]
    • a
    • Instytucja, która sporządziła opis (NP)
    • WR U/ms
    • c
    • Instytucja, która sporządziła rekord (NP)
    • WR U/ms
    • d
    • Instytucja, która zmodyfikowała rekord (P)
    • WR U/hp
    • d
    • Instytucja, która zmodyfikowała rekord (P)
    • WA U/JKs
    • d
    • Instytucja, która zmodyfikowała rekord (P)
    • WR U/ms
041 -Język dokumentu [1, ]
    • a
    • Język tekstu (P)
    • polski
    • h
    • Język tekstu oryginalnego i/lub pośredniego (P)
    • francuski
942 -Rodzaj dokumentu [ , ]
    • c
    • Rodzaj dokumentu
    • Książka
100 -Hasło główne - nazwa osobowa [1, ]
    • a
    • Nazwa osobowa (NP)
    • Barthes, Roland
    • d
    • Daty biograficzne (NP)
    • (1915-1980).
    • 9
    • KHW
    • 39992
240 -Tytuł ujednolicony [1,0]
    • a
    • Tytuł ujednolicony
    • Degré zéro de l'écriture
    • l
    • Język tekstu
    • (pol.)
    • 9
    • KHW
    • 67926
245 -Strefa tytułu i oznaczenia odpowiedzialności [1,0]
    • a
    • Tytuł
    • Stopień zero pisania ; Find
    • b
    • Ciąg dalszy tytułu (NP)
    • oraz Nowe eseje krytyczne / Find
    • c
    • Pozostałe elementy strefy tytułu i oznaczenia odpowiedzialności (NP)
    • Roland Barthes ; przeł. Karolina Kot.
260 -Strefa adresu wydawniczego [ , ]
    • a
    • Miejsce wydania (P)
    • Warszawa :
    • b
    • Nazwa wydawcy (P)
    • Wydawnictwo Aletheia,
    • c
    • Data wydania (P)
    • 2009.
300 -Strefa opisu fizycznego [ , ]
    • a
    • Określenie formy książki i/lub objętość (NP)
    • 281 s. ;
    • c
    • Format (NP)
    • 20 cm.
336 -Typ zawartości [ , ]
    • a
    • Termin opisujący typ zawartości
    • Tekst
    • b
    • Kod określający zawartość
    • txt
    • 2
    • Źródło (terminu i kodu)
    • rdacontent
337 -Typ mediów [ , ]
    • a
    • Tryb odtwarzania
    • Bez urządzenia pośredniczącego
    • b
    • Kod typu mediów
    • n
    • 2
    • Źródło (terminu i kodu)
    • rdamedia
338 -Typ/rodzaj nośnika [ , ]
    • a
    • Hasło opisujące typ nośnika
    • Wolumin
    • b
    • Kod typu nośnika
    • nc
    • 2
    • Źródło (terminu i kodu)
    • rdacarrier
500 -Uwaga ogólna [ , ]
    • a
    • Uwaga ogólna (NP)
    • Tyt. oryg.: Le degré zéro de l'écriture.
080 -Uniwersalna Klasyfikacja Dziesiętna [ , ]
    • 2
    • Identyfikator wydania tablic
    • UDC-P058
    • 9
    • UKD
    • 6626
    • a
    • Symbol klasyfikacji
    • 82.0:1
    • b
    • Dopowiedzenie
    • Filozofia literatury.
080 -Uniwersalna Klasyfikacja Dziesiętna [ , ]
    • 2
    • Identyfikator wydania tablic
    • UDC-P058
    • 9
    • UKD
    • 8233
    • a
    • Symbol klasyfikacji
    • 821.133.1(091)
    • b
    • Dopowiedzenie
    • Literatura francuska (historia).
650 -Hasło przedmiotowe [ ,7]
    • a
    • Hasło przedmiotowe
    • Styl literacki.
    • 2
    • Źródło terminu
    • kaba
    • 9
    • KHW
    • 131520
650 -Hasło przedmiotowe [ ,7]
    • a
    • Hasło przedmiotowe
    • Literatura francuska
    • x
    • Określnik rzeczowy
    • historia i krytyka.
    • 2
    • Źródło terminu
    • kaba
    • 9
    • KHW
    • 353615
980 -Symbol UKD [ , ]
    • a
    • UKD
    • 82.0:1:821.133.1(091)
700 -Hasło dodatkowe - nazwa osobowa [1, ]
    • a
    • Nazwa osobowa (NP)
    • Kot, Karolina. Find
    • e
    • Określenie rodzaju współpracy
    • Tł.
    • 9
    • KHW
    • 67923
700 -Hasło dodatkowe - nazwa osobowa [1,2]
    • a
    • Nazwa osobowa (NP)
    • Barthes, Roland Find
    • d
    • Daty biograficzne (NP)
    • (1915-1980).
    • t
    • Tytuł ujednolicony/tytuł (NP)
    • Nouveaux essais critiques Find
    • 9
    • KHW
    • 67924
920 -ISBN [ , ]
    • a
    • ISBN
    • 978-83-61182-41-2 Find
Data inwentaryzacji Lokalizacja Numer inwentarzowy Status udost. Sygnatura
2017-05-18BGWM.20005-3 
2017-05-18BGWM.20006-3 
2014-01-10BMP.242581FR. Literaturoznawstwo 23